000 00898nam a2200253 i 4500
001 bg
100 1 _aHelin, André.
245 1 0 _aRachunkowość i opodatkowanie spółek kapitałowych /
_cAndré Helin, Krzysztof G. Szymański.
260 _aWarszawa :
_bWydawnictwo C.H. Beck,
_ccop. 2005.
300 _aXXVIII, 801 s. :
_bil. ;
_c25 cm.
504 _aWykaz aktów prawnych s. XXV-XXVII. Indeks.
650 9 _aPodatek dochodowy od osób prawnych
_xprawo
_zPolska
_ystan na 2005 r.
650 9 _aSpółki kapitałowe
_xrachunkowość
_xprawo
_zPolska
_ystan na 2005 r.
700 1 _aSzymański, Krzysztof G.
020 _a8373874356
040 _cBPK
041 _apol
044 _aPOL
080 _a347.72:336.226](438)
920 _a83-7387-435-6
942 _cKS
008 090706s2005 pl a f |000 0 pol
999 _c56484
_d56484
856 _uhttp://koha.tu.koszalin.pl/cgi-bin/koha/opac-detail.pl?biblionumber=56484
_yKatalog online BPK